| 000 | 00703nam a22002537a 4500 | ||
|---|---|---|---|
| 003 | LK-CoDNM | ||
| 005 | 20241003110549.0 | ||
| 008 | 241003b |||||||| |||| 00| 0 eng d | ||
| 040 |
_aLK-CoDNM _dLK-CoDNM _eLK-CoDNM |
||
| 041 | _aeng | ||
| 080 |
_a104 _bNN47 |
||
| 100 | _aAnglade, A. | ||
| 245 | _aMemories of the Archaeological survey of India | ||
| 250 | _aThe Dolmens of the Pulney hills | ||
| 260 |
_aCalcutta _bGovernment printer _c1928 |
||
| 300 | _b13p. : ill ; 30 cm | ||
| 500 | _aNo.36 | ||
| 650 | _aMemories of the Archaeological survey of India | ||
| 650 | _aThe Dolmens of the Pulney hills | ||
| 650 | _aAnglade, A. | ||
| 650 | _aNo.36 | ||
| 650 | _a104 NN47 | ||
| 942 | _cBK | ||
| 999 |
_c217487 _d217487 |
||